| 000 | 00862nam a2200265 i 4500 | ||
|---|---|---|---|
| 001 | 128821 | ||
| 003 | ES-MaACL | ||
| 005 | 20260115175403.0 | ||
| 007 | t| | ||
| 008 | 070528s1954 sp ||||1| cat d | ||
| 080 | _a92 Pedro (465.2)IV | ||
| 080 | _a946.52"1336/87" | ||
| 100 | 1 |
_aTasis, Rafael. _9109362 |
|
| 245 | 1 | 3 |
_aLa vida del rei en Pere III / _cRafael Tasis ; próleg de Ferran Soldevila. |
| 250 | _a[1ª ed.]. | ||
| 260 |
_aBarcelona : _bAedos, _c[1954] |
||
| 300 |
_a426 p. : _bil. ; _c22 cm. |
||
| 490 | 1 | _aBiblioteca Biográfia Catalana | |
| 600 | 1 | 4 |
_aPedro _bIV _cRey de Aragón. _989927 |
| 651 | 4 |
_aAragón (Reino)- _xHistoria- _y1336-1387, Pedro IV. _97792 |
|
| 700 | 1 |
_aSoldevila, Ferran. _9107111 |
|
| 830 | 0 | 0 |
_aBiblioteca biográfica catalana _9181786 |
| 852 |
_aES-MaACL _jC-8015 _bR.36147 |
||
| 999 |
_c128821 _d128821 |
||